| 000 | 02319nam0a2200409 i 4500 | ||
|---|---|---|---|
| 001 | RU\NLR\BIBL_A\010866039 | ||
| 005 | 20260406023314.0 | ||
| 010 |
_a9785691021985 _910000 |
||
| 021 |
_aRU _b2015-73205 _94400 |
||
| 035 | _a(NILC)RuMoRGB-008026174 | ||
| 035 | _a(NLR Aleph) 010866039 | ||
| 090 |
_a10444893 _c10444893 |
||
| 100 | _a20151022d2015 km y0rusy50 ca | ||
| 101 | 0 |
_arus _aeng |
|
| 102 | _aRU | ||
| 105 | _ay j 000yy | ||
| 200 | 1 |
_aАнглийский язык для аспирантов и соискателей ученой степени _dEnglish for postgraduate students _eучебное пособие по дисциплине "Иностранный (английский) язык" для аспирантов, проходящих подготовку по программе послевузовского профессионального образования по специальности "Технические и естественные науки" _fС. И. Гарагуля _zeng |
|
| 210 |
_aМосква _cГуманитарный издательский центр Владос _d2015 |
||
| 215 |
_a327 с. _d22 |
||
| 225 | 1 | _aУчебник для вузов | |
| 320 | _aБиблиогр.: с. 321-324 | ||
| 333 | _a16+ | ||
| 510 | 1 |
_6z45790 _aEnglish for postgraduate students _zeng |
|
| 606 | 1 |
_aАнглийский язык _xУчебные издания для естественно-научных специальностей _92396273 _3RU\NLR\AUTH\661428691 |
|
| 606 | 1 |
_aАнглийский язык _xУчебные издания для технических специальностей _92396263 _3RU\NLR\AUTH\661428685 |
|
| 606 | 1 |
_aАнглийский язык _jУчебные издания для последипломного образования _9972309 _3RU\NLR\AUTH\6646032 |
|
| 675 | _a811.111 | ||
| 686 | 1 | _aШ143.21-93рус328.5 | |
| 686 | 1 | _aШ143.21-93рус328.4 | |
| 686 | 1 | _aШ143.21-93рус328.7 | |
| 700 | 1 |
_8rus _7ca _aГарагуля _bС. И. _gСергей Иванович _3RU\NLR\AUTH\77124850 _9107775 |
|
| 790 | 1 |
_8rus _7ba _aGaragulja _bS. I. _gSergej Ivanovič _3RU\NLR\AUTH\77124855 _9107780 |
|
| 801 | 0 |
_aRU _bРГБ _c20150923 _gRCR |
|
| 942 | _cBOOK | ||
| 980 | _aNBR | ||